00519nam a2200181Ia 450000500170000000800410001702000180005808200130007610000130008924500310010226000450013330000140017865000170019265000120020994200060022195200950022799900150032220241028015033.0240331s9999 xx 000 0 und d a9780380727506 bBRYa823 aBryson,B 0aNotes from a Small Island  aAmericabTransworld Publishers Ltdc1995 a324 p .,  aCivilization aCulture cL 001040708LaWERCLbWERCLcSSCd2024-03-31l0o 823 BRYp6746r2024-03-31w2024-03-31yL c5678d5678